000 00538nam a2200145Ia 4500
008 100122s9999 xx 000 0 und d
082 _b13334
_a823.08
100 _aअदवंत म ना
245 _aकाही गंभीर काही विनोदी
260 _bविदर्भ मराठवाडा बुक कं
_c1965
300 _a239
630 _aकाही गंभीर काही विनोदी
730 _aकाही गंभीर काही विनोदी
942 _cBOOK
999 _c404163
_d404160